000 00375nam a2200133Ia 4500
008 220217s9999||||xx |||||||||||||| ||und||
020 _a81-203-2595-8
082 _a621.382 2 NAI
100 _aNair, Somanathan, B
_92632
245 0 _aDigital signal processing
260 _aPrentice all of india
_bNew Delhi
_c2004
300 _b295
650 _aSIGNAL PROCESSING
_9719
999 _c173863
_d173863